000 00671nam a22001815i 4500
001 48147
003 ES-MaACL
005 20230906161713.0
007 t|
008 950707s1854 fr ||||1| fre d
040 _aCAM
_bspa
_cCAM
100 1 _aChanning, Williams Ellery.
_937978
245 1 0 _aOeuvres sociales de W.E. Channing /
_ctraduites de l'anglais, prédédés d'un essai sur la vie et les doctrines de Channing et d'une introduction par Edouard Laboulaye.
260 _aParis :
_bLibrairie Comon,
_c1854 (
_fL. Grimaux et Cie)
300 _a[4], LXV, [2], 512 p. ;
_c18 cm.
700 1 _aLaboulaye, Édouard (
_d1811-1883)
_969262
852 _aES-MaACL
_jF-13417
999 _c48147
_d48147